Nazioni Finaliste Billie Jean King Cup - Statistics

Statistiche generali
  • Questo quiz è stato fatto 4 volte
  • Il punteggio medio è 14 su 16
Statistiche sulle risposte
Continente Primo posto Secondo posto Nazione % Corretto
Oceania 7 1 Australia
100%
Europa 1 1 Belgio
100%
Europa 11 1 Cecoslovacchia / Repubblica Ceca
100%
Europa 3 1 Francia
100%
Europa 2 3 Germania Ovest / Germania
100%
Europa 4 6 Italia
100%
Europa 0 2 Paesi Bassi
100%
Europa 0 4 Regno Unito
100%
Europa 5 7 Spagna
100%
America del Nord 18 12 Stati Uniti
100%
Africa 1 5 Sudafrica
100%
Europa 1 4 Svizzera
100%
Asia / Europa 5 12 Unione Sovietica / Russia
100%
Europa 0 1 Serbia
67%
Europa 0 1 Bielorussia
33%
Europa 1 1 Slovacchia
33%
Nessun quiz corrispondente trovato
Distribuzione punteggi
Percentuale di utenti per punteggio
Percentile per numero di risposta
I tuoi punteggi nel tempo
Non hai fatto questo quiz